LEADER 00975nam0 22002651i 450 001 RML0251514 005 20231121125709.0 010 $a8813196466 100 $a20121121d1996 ||||0itac50 ba 101 | $aita 102 $ait 181 1$6z01$ai $bxxxe 182 1$6z01$an 200 1 $aProfili di relazionalita' della colpa$econtributo ad una teoria della responsabilita' extracontrattuale 210 $aPadova $cCedam $d1996 606 $aDiritto privato$2FIR$3RMLC064825$9I 700 1$aCafaggi$b, Fabrizio$3RMLV163305$0139960 801 3$aIT$bIT-01$c20121121 850 $aIT-FR0098 899 $aBiblioteca Area Giuridico Economica$bFR0098 912 $aRML0251514 950 0$aBiblioteca Area Giuridico Economica$d 53DSG 07/0547$e 53VM 0000223875 VM barcode:GIU0004873. - Inventario:2639VM$fA $h20010423$i20121204 977 $a 53 996 $aProfili di relazionalità della colpa$9279730 997 $aUNICAS